100 Poorest Countries in the World - Statistics

General Stats
  • This quiz has been taken 586 times
    553 since last reset
  • The average score is 49 of 100
Answer Stats
Rank Answer % Correct
5 Niger
78%
3 Democratic Republic of the Congo / DRC
75%
44 Sudan
72%
24 Chad
69%
55 Nigeria
69%
8 South Sudan
68%
25 Ethiopia
66%
23 Mali
66%
1 Burundi
65%
2 Central African Republic / CAR
64%
12 Eritrea
64%
68 India
64%
61 Republic of Congo / Congo
64%
20 Yemen
64%
40 Kenya
62%
59 Ghana
61%
22 Rwanda
61%
43 Djibouti
60%
14 Haiti
60%
54 Pakistan
60%
95 Egypt
59%
33 Lesotho
59%
85 Libya
59%
28 Uganda
59%
45 Zambia
59%
27 Zimbabwe
59%
4 Malawi
58%
46 Mauritania
58%
16 Afghanistan
57%
6 Mozambique
57%
34 Tanzania
57%
58 Angola
56%
82 Eswatini
56%
69 Laos
56%
73 Morocco
56%
39 Senegal
56%
29 The Gambia / Gambia
56%
13 Togo
56%
26 Benin
55%
83 Namibia
55%
49 Cambodia
53%
21 Guinea
53%
11 Sierra Leone
53%
62 Moldova
52%
90 Tunisia
52%
41 Cameroon
51%
50 Bangladesh
50%
31 Nepal
50%
9 Comoros
49%
60 Myanmar / Burma
49%
65 Vietnam
49%
7 Liberia
48%
10 Madagascar
48%
48 Còte d'Ivoire / Ivory Coast
47%
38 Papua New Guinea
47%
17 Burkina Faso
46%
42 Kyrgyz Republic / Kyrgyzstan
46%
89 Nauru
46%
78 Bhutan
45%
67 El Salvador
45%
15 Guinea-Bissau / Guinea Bissau
45%
51 Honduras
45%
35 Tajikistan
45%
94 Indonesia
44%
32 Sao Tomè and Prìncipe
44%
91 South Africa
44%
53 Timor-Leste / East Timor
44%
77 Ukraine
44%
52 Nicaragua
43%
93 Sri Lanka
41%
57 Tonga
41%
96 Albania
40%
71 Guatemala
40%
74 Philippines
40%
66 Uzbekistan
40%
70 Belize
39%
79 Fiji
39%
86 Kosovo
39%
47 Tuvalu
39%
64 Bolivia
38%
63 Cape Verde
38%
18 Kiribati
38%
56 Samoa
38%
36 Micronesia
36%
19 Solomon Islands
36%
30 Vanuatu
36%
80 Armenia
34%
98 Mongolia
34%
97 Bosnia and Herzegovina
33%
37 Marshall Islands
33%
81 Dominica
32%
75 Jordan
31%
92 Paraguay
30%
99 Peru
30%
87 Georgia
29%
72 Guyana
28%
76 Jamaica
27%
84 Ecuador
22%
100 St Lucia
21%
88 St. Vincent and the Grenadines / St Vincent
21%
No matching quizzes found
Score Distribution
Percent of People with Each Score
Percentile by Number Answered
Your Score History
You have not taken this quiz since the last reset